000 00453nam a2200157 i 4500
001 142372
003 ES-MaACL
005 20230906200514.0
007 t|
008 071004q19401950sp ||||1| spa d
100 1 _aWirsing, Giselher.
_9117132
245 1 3 _aLa guerra de los treinta aƱos y el porvenir de Europa
_b: por Giselher Wirsing.
260 _a[S.l. :
_bs.n.,
_c194-?]
300 _a12 p. ;
_c21 cm.
852 _aES-MaACL
_j1850-F-5
_bR.21145
999 _c142372
_d142372